| 000 | 00000nam 2200000zi 4500 |
| 001 | 9.937435 |
| 003 | CaOODSP |
| 005 | 20251103145142 |
| 006 | m o d f |
| 007 | cr cn||||||||| |
| 008 | 240425t20232024oncd obs f000 0 fre d |
| 020 | |a9780660715889 |
| 040 | |aCaOODSP|bfre|erda|cCaOODSP |
| 043 | |an-cn--- |
| 086 | 1 |aJ4-160/2024F-PDF |
| 100 | 1 |aLi, Ting, |eauteur. |
| 245 | 10|aCaractéristiques des payeurs et des bénéficiaires de pensions alimentaires pour enfants / |cpréparé par : Ting Li. |
| 264 | 1|aOttawa (Ontario) : |bGouvernement du Canada = Government of Canada, |cnovembre 2023. |
| 264 | 4|c©2024 |
| 300 | |a1 ressource en ligne (23 pages) : |bgraphiques |
| 336 | |atexte|btxt|2rdacontent/fre |
| 337 | |ainformatique|bc|2rdamedia/fre |
| 338 | |aressource en ligne|bcr|2rdacarrier/fre |
| 500 | |aTitre de la couverture. |
| 500 | |aPublié aussi en anglais sous le titre : Characteristics of child support payers and recipients. |
| 504 | |aComprend des références bibliographiques. |
| 650 | 6|aPension alimentaire pour enfants|zCanada|vStatistiques. |
| 655 | 7|aStatistiques|2rvmgf |
| 710 | 1 |aCanada. |bMinistère de la justice, |eorganisme de publication. |
| 775 | 08|tCharacteristics of child support payers and recipients / |w(CaOODSP)9.937434 |
| 856 | 40|qPDF|s473 Ko|uhttps://publications.gc.ca/collections/collection_2024/jus/J4-160-2024-fra.pdf |
| 856 | 4 |qHTML|sS.O.|uhttps://www.justice.gc.ca/fra/pr-rp/jr/cpbpae-ccspr/index.html |